LEADER 01841nam0 2200373 i 450 001 VAN0123429 005 20231207032757.90 010 $a978-33-19-54145-7 100 $a20190919d2017 |0itac50 ba 101 $aeng 102 $aCH 105 $a|||| ||||| 200 1 $aApplications of Radiation Chemistry in the Fields of Industry, Biotechnology and Environment$fMargherita Venturi, Mila D?Angelantonio editors 210 $aCham$cSpringer$d2017 215 $aIX, 302 p.$cill.$d24 cm 410 1$1001VAN0123279$12001 $aTopics in Current Chemistry Collections$1210 $aCham$cSpringer 620 $aCH$dCham$3VANL001889 676 $a660$cIngegneria chimica e tecnologie connesse$v22 676 $a540$cChimica generale$v22 676 $a541.38$cRadiochimica. Chimica nucleare$v22 676 $a660.29$cIngegneria chimica. Chimica fisica applicata$v22 676 $a610.153$cFisica medica$v22 702 1$aD?Angelantonio$bMila$3VANV094841 702 1$aVenturi$bMargherita$3VANV094840 712 $aSpringer $3VANV108073$4650 801 $aIT$bSOL$c20240614$gRICA 856 4 $u/sebina/repository/catalogazione/documenti/315.pdf$z315.pdf 856 4 $uhttps://link.springer.com/book/10.1007/978-3-319-54145-7$zE-book - Accesso al full-text attraverso riconoscimento IP di Ateneo, proxy e/o Shibboleth 899 $aBIBLIOTECA DEL DIPARTIMENTO DI SCIENZE E TECNOLOGIE AMBIENTALI BIOLOGICHE E FARMACEUTICHE$1IT-CE0101$2VAN17 912 $fN 912 $aVAN0123429 950 $aBIBLIOTECA DEL DIPARTIMENTO DI SCIENZE E TECNOLOGIE AMBIENTALI BIOLOGICHE E FARMACEUTICHE$d17CONS e-book 2111 $e17BIB2111/78 78 20190919 996 $aApplications of Radiation Chemistry in the Fields of Industry, Biotechnology and Environment$91560498 997 $aUNICAMPANIA LEADER 01498nam1 2200289 i 450 001 VAN00124626 005 20240806100816.886 100 $a20191022g2018 |0itac50 ba 101 $aeng 102 $aCH 105 $a|||| ||||| 200 1 $aCrowd dynamics$fLivio Gibelli, Nicola Bellomo editors 210 $aCham$cBirkhäuser$d2018- 215 $avolumi$cill.$d24 cm 463 1$1001VAN00124625$12001 $aˆVol. 1: ‰Theory, Models, and Safety Problems$fLivio Gibelli, Nicola Bellomo editors$1210 $aCham$cBirkhäuser$d2018$1215 $ax, 292 p.$cill.$d24 cm$v1 463 1$1001VAN00248951$12001 $aˆVol. 2: ‰Theory, Models, and Applications$fLivio Gibelli editor$1210 $aCham$cBirkhäuser$cSpringer$d2020$1215 $avii, 222 p.$cill.$d24 cm$v2 463 1$1001VAN00274361$12001 $aˆVol. 3: ‰Modeling and Social Applications in the Time of COVID-19$fNicola Bellomo, Livio Gibelli editors$1210 $aCham$cBirkhäuser$cSpringer$d2021$1215 $aviii, 257 p.$cill.$d24 cm$v3 463 1$1001VAN00278579$12001 $aˆVol. 4: ‰Analytics and Human Factors in Crowd Modeling$fNicola Bellomo, Livio Gibelli editors$1210 $aCham$cBirkhäuser$cSpringer$d2023$1215 $aix, 246 p.$cill.$d24 cm$v4 620 $aCH$dCham$3VANL001889 702 1$aBellomo$bNicola$3VANV039093 702 1$aGibelli$bLivio$3VANV096066 712 $aBirkhäuser $3VANV108193$4650 801 $aIT$bSOL$c20240906$gRICA 912 $fN 912 $aVAN00124626 996 $aCrowd dynamics$91565433 997 $aUNICAMPANIA